| 000 | 00563nam a22001817a 4500 | ||
|---|---|---|---|
| 005 | 20251108172637.0 | ||
| 008 | 250721s1996 xx 000 0 ara d | ||
| 082 | 1 | 4 | _aم/216/تيم |
| 100 | 1 | _aابن تيمية، تقي الدين أبو العباس أحمد | |
| 245 | 1 | 0 | _aموسوعة فقه السنة . / |
| 264 | 1 |
_aبيروت : _bدار الفكر العربي، _c1996. |
|
| 300 | _aج | ||
| 650 | 1 | 7 | _aالفقه الإسلامي |
| 650 | 1 | 7 | _aفقه السنه |
| 700 | 1 |
_aجميلي، سيد _eمحقق |
|
| 942 |
_2ddc _cREF |
||
| 999 |
_c84831 _d84831 |
||